000 00510nam a2200181Ia 4500
005 20250508163826.0
008 008 250505s9999 xx 000 0 eng d
037 _aTextual
040 _aFEDL
_beng
_cFEDL
041 _aeng
_2eng
084 _a294.5, SHU
_qFEDL
100 _aShukla J.J.
_926745
245 0 _aDr. B.R.Ambedkar on Hinduism
260 _aAhmedabad, India
_bGlobe Books and Periodicals
_c1993
300 _avii,371p.
942 _cTEXL
_h294.5, SHU
999 _c1385473
_d1385473